000 00483nam a2200181Ia 4500
003 OSt
005 20260131122127.0
008 210210b1935 xxu||||| |||| 00| 0 eng d
040 _cAL
041 _aKannada
082 _a853/133
100 _aGOVINDA JOSHI (B)
_9160954
_dಗೋವಿಂದ ಜೋಶಿ (ಬಿ).
245 _aKolminchu:
_bಕೋಲ್ಮಿಂಚು
260 _aDharavada
_b-
_c1935
690 _aKannada Drama
_9160955
906 _a019404
942 _2ddc
_cBK
999 _c143523
_d143523